Taiwanese Aboriginal Groups - Statistics

General Stats
  • This quiz has been taken 13 times
  • The average score is 9 of 16
Answer Stats
Answer % Correct
Paiwan
100%
Amis
89%
Atayal
78%
Seediq
78%
Tsou
67%
Yami
67%
Bunun
56%
Saisiyat
56%
Taroko
56%
Kanakanavu
44%
Kavalan
44%
Puyuma
44%
Rukai
44%
Sakizaya
33%
Thao
33%
Saarao
11%
No matching quizzes found
Score Distribution
Percent of People with Each Score
Percentile by Number Answered
Your Score History
You have not taken this quiz